Sri Rama Lila/ (Record no. 64350)

MARC details
000 -LEADER
fixed length control field 00439nam a22001697a 4500
005 - DATE AND TIME OF LATEST TRANSACTION
control field 20190725151123.0
020 ## - INTERNATIONAL STANDARD BOOK NUMBER
International Standard Book Number 8173051801
Terms of availability 590.00
035 ## - SYSTEM CONTROL NUMBER
System control number B-164287
035 ## - SYSTEM CONTROL NUMBER
System control number B-164283, B-164275
035 ## - SYSTEM CONTROL NUMBER
System control number B-164284
037 ## - SOURCE OF ACQUISITION
Stock number dpl
100 ## - MAIN ENTRY--PERSONAL NAME
Personal name Vanamali
245 ## - TITLE STATEMENT
Title Sri Rama Lila/
Statement of responsibility, etc Vanamali
260 ## - PUBLICATION, DISTRIBUTION, ETC. (IMPRINT)
Place of publication, distribution, etc New Delhi
Name of publisher, distributor, etc Aryan Books International
Date of publication, distribution, etc 2006
300 ## - PHYSICAL DESCRIPTION
Extent 275p.
Dimensions 24cms.
942 ## - ADDED ENTRY ELEMENTS (KOHA)
Source of classification or shelving scheme Dewey Decimal Classification
Item type English Books
Classification part 230.1
Call number suffix VAN
Holdings
Withdrawn status Lost status Not for loan Collection code Home library Current library Date acquired Cost, normal purchase price Full call number Barcode Cost, replacement price Koha item type Source of acquisition Copy number
      Non-fiction R.K.Puram-8 R.K.Puram-8 02/07/2019 590.00 230.1 VAN B-164284 590.00 English Books BPPD/Purchase 1
      Non-fiction Sarojini Nagar Sarojini Nagar 24/03/2012 0.00 230.1 VAN B-164283 0.00 English Books    
      Non-fiction Sarojini Nagar Sarojini Nagar 24/03/2012 0.00 230.1 VAN B-164287 0.00 English Books    
      Non-fiction Sarojini Nagar Sarojini Nagar 15/02/2019   230.1 VAN B-164291   English Books    
      Non-fiction Shahdara Branch Shahdara Branch 09/08/2018 0.00 230.1 VAN B-164275 0.00 English Books BPPD/PUB  

© Delhi Public Library
Hit Counter
free hit counter